Statistics for Top 15 Celebrities Born In 1998

Click here to take the quiz!

General Stats

  • This quiz has been taken 106 times
    (87 since last reset)
  • The average score is 5 of 15

Answer Stats

Answer% Correct
Mr Beast
83%
Shawn Mendes
69%
Jaden Smith
63%
Khalid
51%
Juice WRLD
43%
Brent Rivera
37%
Brent Rivera
37%
Tana Mongeau
27%
Jack Harlow
26%
Larray
23%
Conan Gray
14%
Xxxtentation
14%
China Anne McClain
13%
Latto
4%
Stephen Sharer
1%

Score Distribution

Percentile by Number Answered

Percent of People with Each Score

Your Score History

You have not taken this quiz since the last reset